上越新幹線の駅の略号 - Statistics

General Stats
  • This quiz has been taken 78 times
  • The average score is 9 of 12
Answer Stats
∨∧ 駅名 電報略号 % Correct
2 上野 ウエ
99%
4 熊谷 クマ
99%
1 東京 トウ
97%
6 高崎 タカ
97%
3 大宮 オオ
96%
5 本庄早稲田 ホワ
94%
12 新潟 ニイ
90%
9 浦佐 ウラ
87%
10 長岡 ナカ
73%
8 越後湯沢 ユワ
50%
7 上毛高原 コケ
37%
11 燕三条 ハサ
26%
No matching quizzes found
Score Distribution
Percent of People with Each Score
Percentile by Number Answered
Your Score History
You have not taken this quiz